<?xml version="1.0" encoding="UTF-8"?>
<marc:record xmlns:marc="http://www.loc.gov/MARC21/slim">
   <marc:leader>00000nam a2200000 a 4500</marc:leader>
   <marc:datafield ind1="1" ind2=" " tag="100">
      <marc:subfield code="a">Russo, Andrea</marc:subfield>
      <marc:subfield code="4">aut</marc:subfield>
      <marc:subfield code="e">Verfasser/-in</marc:subfield>
   </marc:datafield>
   <marc:datafield ind1="0" ind2="0" tag="245">
      <marc:subfield code="a">Nonna Lucia macht Urlaub</marc:subfield>
   </marc:datafield>
   <marc:datafield ind1="0" ind2="0" tag="245">
      <marc:subfield code="b">Roman</marc:subfield>
   </marc:datafield>
   <marc:datafield ind1="0" ind2="0" tag="245">
      <marc:subfield code="c">Andrea Russo</marc:subfield>
   </marc:datafield>
   <marc:datafield ind1=" " ind2="1" tag="264">
      <marc:subfield code="a">Reinbek bei Hamburg</marc:subfield>
      <marc:subfield code="b">Rowohlt Taschenbuch Verlag</marc:subfield>
      <marc:subfield code="c">2015</marc:subfield>
   </marc:datafield>
   <marc:datafield ind1="1" ind2=" " tag="520">
      <marc:subfield code="a">Angaben aus der Verlagsmeldung

Nonna Lucia macht Urlaub Russo, Nonna Lucia macht Urlaub / von Andrea Russo

Die Hochzeit von Julia und Antonio steht kurz bevor, als dessen Großvater stirbt. Auf der Trauerfeier in der Nähe von Neapel sorgt ein schwarzer Falter für Aufregung. Er lässt sich erst auf Julias Schulter nieder, dann auf Marcello, Antonios Bruder. Für die Witwe Nonna Lucia ein klarer Fall: Julia hat sich den falschen Sohn ausgesucht. Kurzerhand beschließt sie mit nach Deutschland zu reisen. Doch mit der turbulenten Autofahrt Richtung Heimat fangen Julias Probleme erst an. Denn Lucia hat sich fest vorgenommen, das junge Paar auseinanderzubringen ...
</marc:subfield>
   </marc:datafield>
   <marc:datafield ind1=" " ind2=" " tag="020">
      <marc:subfield code="a">9783499233104</marc:subfield>
      <marc:subfield code="9">9783499233104</marc:subfield>
   </marc:datafield>
   <marc:datafield ind1=" " ind2=" " tag="020">
      <marc:subfield code="a">349923310X</marc:subfield>
      <marc:subfield code="9">349923310X</marc:subfield>
   </marc:datafield>
   <marc:datafield ind1=" " ind2=" " tag="300">
      <marc:subfield code="a">290 S.</marc:subfield>
   </marc:datafield>
</marc:record>
